000 00389nam a2200133Ia 4500
005 20251222143258.0
008 251222s9999||||xx |||||||||||||| ||spa||
020 _a84-7756-521-X
082 _a378.11/A49
100 _aAlvarez de la Rosa, Manuel
245 0 _aLa Contratación Laboral del Profesorado en la Ley Orgánica de Universidades
264 _bUniversidad La Laguna
942 _cLIB
999 _c15216
_d15216